| 000 | 00661nam a22002537a 4500 | ||
|---|---|---|---|
| 001 | 35001 | ||
| 003 | UA-OsUOA | ||
| 005 | 20220125132237.0 | ||
| 007 | ta | ||
| 008 | 20051103b un ||||| |||| 00| 0 ukr d | ||
| 020 | _a9660220758 | ||
| 040 |
_aUA-OsUOA _bukr _cUA-OsUOA _dUA-OsUOA |
||
| 041 | _aukr | ||
| 080 | _a031(477) | ||
| 090 |
_a031(477) _bЕ-64 |
||
| 245 | _aЕнциклопедія Сучасної України | ||
| 260 |
_aК. _c2001 |
||
| 300 | _a824 с. | ||
| 505 | _gТ. 1 | ||
| 650 | 7 |
_a0 Загальний відділ _2UDC |
|
| 942 |
_cBK _2udc |
||
| 955 | _a7 | ||
| 999 |
_c321410 _d321410 |
||